| 000 | 00593nam a2200181 i 4500 | ||
|---|---|---|---|
| 001 | 122287 | ||
| 003 | ES-MaACL | ||
| 005 | 20230906191939.0 | ||
| 007 | t| | ||
| 008 | 070522s1850 sp ||||1| spa d | ||
| 080 | _a261.79 | ||
| 100 | 1 |
_aRodríguez Sobrino, Matías. _998827 |
|
| 245 | 1 | 3 |
_aLa unidad religiosa en sus relaciones con la más alta política / _cpor D. Matías Rodríguez Sobrino. |
| 260 |
_aMadrid : _b[s.n.], _c1850 ( _fImprenta de D. José C. de la Peña) |
||
| 300 |
_a46 p. ; _c19 cm. |
||
| 650 | 4 |
_aLibertad religiosa. _914416 |
|
| 852 |
_aES-MaACL _jF-9369(1) _bR.142106 |
||
| 999 |
_c122287 _d122287 |
||